| 000 | 01089nam a2200253 i 4500 | ||
|---|---|---|---|
| 003 | DO-SdBNP | ||
| 005 | 20230803110755.0 | ||
| 007 | ta | ||
| 008 | 220117e2021 dr acd|grt||| 001 0 spa d | ||
| 040 |
_aDO-SdBNP _bspa _cBNPHU _erda |
||
| 082 | 4 |
_222 _bC7q |
|
| 111 | 2 |
_957630 _aAsamblean general de delegados _n(L: _d2021: _cJuan Dolio, San Pedro de Macorís: República Dominicana) |
|
| 245 | 1 | 0 |
_aL asamblea general ordinaria de delegados : _binforme correspondiente al año 2020 / _cCOOPNAMA |
| 246 |
_aQuintoagésima asamblea general ordinaria de delegados : _binforme correspondiente al año 2014 |
||
| 264 |
_aSanto Domingo : _bCooperativa Nacional de Servicios Múltiples de los Maestros, _c2020 |
||
| 300 |
_a144 paginas. : _bilustraciones, fotografías., gráficas. ; _c29 cm. |
||
| 336 |
_2rdacontent _atexto _btxt |
||
| 337 |
_2rdamedia _asin mediación _bn |
||
| 338 |
_2rdacarrier _avolumen _bnc |
||
| 590 | _aInventariado, 2023 / MF | ||
| 611 |
_aAsamblea general ordinaria _c(San Pedro de Macorís: República Dominicana _d2020) _980948 |
||
| 910 | _aMFéliz | ||
| 942 |
_2ddc _cLBS1 |
||
| 999 |
_c51175 _d51175 |
||